LEADER 01144nam0 22002651i 450 001 UON00465908 005 20231205105143.866 100 $a20160318d1965 |0itac50 ba 101 $arus 102 $aUS 105 $a|||| 1|||| 200 1 $aDalekoe$fBoris Zaj?ev 210 $aWashington$cInter-Language Literary Associates$d1965 215 $a201 p.$c1 ritr.$d21 cm. 620 $aUS$dWashington$3UONL000087 676 $a891.709$cLetteratura russa. Storia, geografia, persone$v21 700 1$aZAJCEV$bBoris Konstantinovi?$3UONV110173$0609187 712 $aInter-Language Literary Associates$3UONV280798$4650 790 1$aZAITSEV, Boris$zZAJCEV, Boris Konstantinovi?$3UONV198291 801 $aIT$bSOL$c20240220$gRICA 912 $aUON00465908 950 $aSIBA - SISTEMA BIBLIOTECARIO DI ATENEO$dSI RUSSO C 2281 $eSI RU 4616 7 2281 950 $aSIBA - SISTEMA BIBLIOTECARIO DI ATENEO$dSI RUSSO C 2338 $eSI RU 4795 7 2338 996 $aDalekoe$91398777 997 $aUNIOR LEADER 01409nam2 22003613i 450 001 NAP0422946 005 20251003044251.0 010 $a9780444532886 100 $a20081117d2008 ||||0itac50 ba 101 | $aeng$adan$ager 102 $anl 181 1$6z01$ai $bxxxe 182 1$6z01$an 183 1$6z01$anc$2RDAcarrier 200 1 $aˆ4: The ‰periodic system$fedited by J. Rud Nielsen 205 $aSpecial limited edition (300 sets) 210 $aAmsterdam [etc.]$cElsevier$d2008 215 $aIX, 765 p., [1] ritr.$d27 cm 300 $aData di ed. sul front.: 1977. 461 1$1001NAP0422902$12001 $aNiels Bohr$ecollected works$fgeneral editor L. Rosenfeld$g[poi] Erik Rüdinger$g[poi] Finn Aaserud$v4 606 $aFisica moderna$2FIR$3CFIC033680$9E 676 $a539$9Fisica moderna$v14 700 1$aBohr$b, Niels$3RAVV061891$4070$0256 702 1$aNielsen$b, Jens Rud$3NAPV108447 790 1$aBohr$b, Niels Henrik David$3MILV261085$zBohr, Niels 790 1$aBohr$b, Niels Henrik David$f <1885-1962>$3NAPV108448$zBohr, Niels 801 3$aIT$bIT-000000$c20081117 850 $aIT-BN0095 912 $aNAP0422946 950 2$aBiblioteca Centralizzata di Ateneo$cv. 1-13$d 01SPECIALI Fis.Mod. 0001$e 0102 0000070835 VMA (0004 v. 4$fY $h20081113$i20081113 977 $a 01 996 $aPeriodic system$91573146 997 $aUNISANNIO